| 000 | 00833cab a2200193 4500 | ||
|---|---|---|---|
| 001 | WB2642-38 | ||
| 008 | 090401t1990 xxu||||| |||| 00| 0 eng d | ||
| 035 | _a(Sirsi) u3065 | ||
| 041 | _aeng | ||
| 245 | _aOmbudsman for sheltered housing disputes | ||
| 260 | _c1990 | ||
| 350 | _a0 | ||
| 490 |
_aDaily Express _v19/10/90 p47 |
||
| 520 | _aThe Sheltered Housing Advisory and Conciliation Service funded by developers has been launched by Age Concern to arbitrate between leasehold retirement home owners and their managing agents over issues such as service charges , resale regulations and leasehold terms | ||
| 650 | _aMANAGEMENT-DISPUTE AVOIDANCE, MANAGEMENT AND RESOLUTION-DISPUTE MANAGEMENT AND RESOLUTION-ARBITRATION | ||
| 690 | _aMANAGEMENT-BUSINESS MANAGEMENT-PROFESSIONAL PRACTICE | ||
| 942 | _n0 | ||
| 948 | _c04/03/1997 | ||
| 999 |
_c1851 _d1851 |
||